Pays avec le prix Nobel de littérature - Statistiques

Statistiques générales
  • Ce quiz a été pris 389 fois
  • Le résultat moyen est 27 sur 41
Statistiques - réponses
No. Pays % Correct
11 États-Unis
100%
16 France
100%
10 Royaume-Uni
97%
6 Espagne
96%
4 Russie / URSS
96%
8 Allemagne
95%
6 Italie
95%
2 Chine
93%
2 Japon
93%
1 Canada
91%
8 Suéde
90%
3 Norvége
87%
1 Portugal
85%
1 Mexique
84%
6 Pologne
82%
2 Suisse
82%
1 Finlande
81%
1 Belgique
79%
1 Inde
78%
1 Australie
76%
4 Irlande
76%
2 Autriche
73%
2 Afrique du Sud
70%
3 Danemark
70%
2 Gréce
70%
1 Turquie
64%
1 Egypte
63%
2 Chili
61%
1 Hongrie
60%
1 Colombie
59%
1 Islande
50%
1 Perou
50%
1 Israel
47%
1 Bulgarie
36%
1 Nigeria
24%
1 Biélorussie
22%
1 Yougoslavie
20%
1 Tchécoslovaquie
16%
1 Guatemala
9%
1 Sainte-Lucie
7%
1 Maurice
5%
Aucun quiz correspondant
Distribution des résultats
% des personnes avec chaque résultat
Percentile par nombre de réponses
Votre historique - résultats
Vous n’avez pas pris ce quiz